000 00423nam a2200205Ia 4500
001 11785
003 GE_BSU
008 181216s||||||||xx |||||||||||||| ||und||
020 _a9780749313197
040 _cGE_BSU
080 _a821.111-32
100 _aHill,Susan
245 _aAir & Angel
260 _aLondon
260 _bMandarin
260 _c1992
300 _a275p.20cm.
653 _aAir & Angel
942 _cBK
999 _c44964
_d44964